header

Witchcraft narratives in Germany (Record no. 45083)

MARC details
000 -LEADER
fixed length control field 01465nam a22003254a 4500
082 04 - DEWEY DECIMAL CLASSIFICATION NUMBER
Classification number 133.4/3/094332
100 1# - MAIN ENTRY--AUTHOR NAME
Personal name Rowlands, Alison.
245 10 - TITLE STATEMENT
Title Witchcraft narratives in Germany
260 ## - PUBLICATION, DISTRIBUTION, ETC. (IMPRINT)
Place of publication Manchester, UK ;
-- New York :
Name of publisher Manchester University Press ;
Place of publication New York :
Name of publisher Distributed exclusively in the USA by Palgrave,
Year of publication 2003.
300 ## - PHYSICAL DESCRIPTION
Number of Pages 248 p. :
Other physical details 1 map.
490 1# - SERIES STATEMENT
Series statement Studies in early modern European history
650 #0 - SUBJECT ADDED ENTRY--TOPICAL TERM
Topical Term Witchcraft
Topical Term Witchcraft
856 40 - ELECTRONIC LOCATION AND ACCESS
Uniform Resource Identifier http://site.ebrary.com/lib/rucke/Doc?id=10074854

No items available.

© 2026 Rongo University
Contact us: librarian | system librarian | Rongo university